George Orwell Books Quiz Stats

 Plays Quiz Updated Jan 17, 2020

Support Sporcle.
Go Orange.
Score 0/9 Timer 03:00
1 Play Today
Year Book % Correct
1949Nineteen Eighty-Four
96.9%
1945Animal Farm
94.3%
1933Down and Out in Paris and London
32%
1937The Road to Wigan Pier
26.1%
1938Homage to Catalonia
25.6%
1934Burmese Days
22.8%
1936Keep the Aspidistra Flying
21.1%
1939Coming Up for Air
16.8%
1935A Clergyman's Daughter
15.1%

From the Vault

From Starring to Dating

by tennislvr7

Many of these romances didn't last as long as these films were in the theater.
Remove Ads.
Support Sporcle.
Get the best of Sporcle when you Go Orange. This ad-free experience offers more features, more stats, and more fun while also helping to support Sporcle. Thank you for becoming a member.

Show Comments

Extras

Top Quizzes Today


Score Distribution

Your Account Isn't Verified!

In order to create a playlist on Sporcle, you need to verify the email address you used during registration. Go to your Sporcle Settings to finish the process.

Report this User

Report this user for behavior that violates our Community Guidelines.

Details: